| 000 | 01351cam a22003854a 4500 | ||
|---|---|---|---|
| 001 | 13824451 | ||
| 003 | OSt | ||
| 005 | 20140310181632.0 | ||
| 008 | 041223s2005 nyua 001 0 eng | ||
| 010 | _a 2004063839 | ||
| 020 | _a076417737 (full package) | ||
| 020 | _a0717260712 (set) | ||
| 040 |
_aDLC _cDLC _dDLC |
||
| 041 | 0 |
_aeng _afre |
|
| 042 | _apcc | ||
| 050 | 0 | 0 |
_aPC 2137 _b.K46 2005 |
| 082 | 0 | 0 |
_aTR 448.2 _bK34 2005 |
| 100 | 1 |
_aKendris, Christopher. _9977 |
|
| 245 | 1 | 0 |
_aPronounce it perfectly in French / _cby Christopher Kendris and Theodore Kendris. |
| 250 | _a2nd ed. | ||
| 260 |
_aHauppauge, NY : _bBarron's Educational Series, _cc2005. |
||
| 300 |
_axiv, 210 p. : _bill. ; _c19 cm. |
||
| 500 | _aIncludes index. | ||
| 500 | _aIssued in container. | ||
| 521 | _aFaculty | ||
| 541 | _j1 | ||
| 562 | _e1 | ||
| 650 | 0 |
_aFrench language _xPronunciation by foreign speakers. _91033 |
|
| 650 | 0 |
_aFrench language _vTextbooks for foreign speakers _xEnglish. _91034 |
|
| 700 | 1 |
_aKendris, Theodore. _9982 |
|
| 906 |
_a7 _bcbc _corignew _d1 _eocip _f20 _gy-gencatlg |
||
| 942 |
_2lcc _cBK-TR _kTR |
||
| 999 |
_c552 _d552 |
||